00382nam a2200109Ia 450000500170000000800410001710000410005824500990009926000390019830000110023765000240024820260328101444.0260328s9999||||xx |||||||||||||| ||und|| aValencia Escobar, Andrés Hernando  0aLa Estructura :b Un elemento técnico para el Diseño /cAndrés Hernando Valencia Escobar bUniversidad Pontificia Bolivariana a369 p. aDISEÑO INDUSTRIAL